Design of crash-box for vehicle under regulation Formula student
Enregistré dans:
| Auteur principal: | |
|---|---|
| Autres auteurs: | |
| Format: | Manuscrit Livre |
| Langue: | anglais |
| Publié: |
Bratislava :
STU v Bratislave SjF,
2014
|
| Sujets: | |
| Accès en ligne: | VAIS |
| Tags: |
Pas de tags, Soyez le premier à ajouter un tag!
|
MARC
| LEADER | 00000ntm a22000003a 4500 | ||
|---|---|---|---|
| 001 | stu295739 | ||
| 005 | 20230816115642.5 | ||
| 008 | 140823s2014----xo------------------eng-d | ||
| 040 | |a STU |b slo | ||
| 041 | 0 | |a eng | |
| 044 | |a xo | ||
| 100 | 1 | |a Lenner, Lukáš, |d 1991- |4 aut |u J |T SjF Strojnícka fakulta |X 70521 |U J |Y 20 |7 A000070521 | |
| 242 | 0 | 0 | |a Návrh crash - boxu pre vozidlo podľa pravidiel Formula student |y slo |
| 245 | 1 | |a Design of crash-box for vehicle under regulation Formula student | |
| 260 | |a Bratislava : |b STU v Bratislave SjF, |c 2014 | ||
| 650 | 7 | |a automobily, lode a spaľovacie motory |2 stusub | |
| 650 | 7 | |a Automobiles, Ships and Combustion Engines |2 estusub | |
| 650 | 7 | |a simulation |2 estusub | |
| 650 | 7 | |a simulácia |2 stusub | |
| 650 | 7 | |a formula |2 stusub | |
| 700 | 1 | |a Magdolen, Ľuboš, |d 1963- |4 ths |u 020030 |r Z1 |U SjF Strojnícka fakulta |T SjF Ústav dopravnej techniky a konštruovania |X 2362 |U J0030 |Y 806 |7 A00002362 | |
| 856 | 4 | |a info a plný text |u http://is.stuba.sk/zp/portal_zp.pl?podrobnosti=103727 |3 VAIS | |